[Event "Heusenstamm Sparkassen op U14 9th"]
[Site "Heusenstamm"]
[Date "2023.11.26"]
[Round "5"]
[White "Zhang, Hengrui Ray"]
[Black "Kanagaraj, Aarav"]
[Result "1-0"]
[WhiteElo "1113"]
[BlackElo "966"]
[PlyCount "109"]
[EventDate "2023.11.24"]
[EventType "swiss"]
[EventRounds "7"]
[EventCountry "GER"]
[SourceTitle "EXT 2025"]
[Source "ChessBase"]
[SourceDate "2024.10.14"]
[SourceVersion "1"]
[SourceVersionDate "2024.10.14"]
[SourceQuality "1"]

1. e4 d6 2. d4 Nf6 3. Nc3 g6 4. Nf3 Bg7 5. h3 0-0 6. Bc4 Nxe4 7. Nxe4 d5 8. Bxd5 Qxd5 9. Nc3 Qd6 10. 0-0 Nc6 11. Nb5 Qd7 12. c3 a6 13. Na3 b5 14. b4 e5 15. Nc2 a5 16. bxa5 Rxa5 17. Bb2 f5 18. dxe5 Nxe5 19. Nxe5 Bxe5 20. Qxd7 Bxd7 21. Rad1 Bc8 22. a3 c5 23. Rd5 Re8 24. Re1 b4 25. Rexe5 Rxe5 26. Rxe5 bxc3 27. Re8+ Kf7 28. Rxc8 cxb2 29. Rb8 c4 30. Rxb2 c3 31. Rb3 Rc5 32. Kf1 Ke6 33. Ke2 Ke5 34. Ke3 g5 35. a4 Kd5 36. Kd3 Ra5 37. Ra3 Kc5 38. Kxc3 h5 39. Nd4 f4 40. Nb3+ Kb6 41. Nxa5 Kxa5 42. Kd3 g4 43. hxg4 hxg4 44. f3 gxf3 45. gxf3 Ka6 46. Ke4 Ka5 47. Kxf4 Kb6 48. a5+ Ka6 49. Ke5 Kb5 50. a6 Kb6 51. a7 Kc5 52. a8Q Kc4 53. Qd5+ Kb4 54. Qa5+ Kc4 55. Rc3# 1-0